000 00535nam a2200181Ia 4500
001 17859
005 20260306171548.0
008 260306s9999||||xx |||||||||||||| ||und||
041 _aESP
082 _a658.3
_bB45
100 _aLance A. Berger (editor)
_eAUT
245 4 _aThe talent Management Handbook:
_bcreating a sustainable competitive advantage by selecting, developing, and promoting the best people
260 _c2011
300 _a562 páginas :
_c24 cm.
650 _aGEN
654 _aCAN
942 _cLIB
_dJUS
_fJUS
_2ddc
_n
999 _c17859
_d17859